ბათუმის შოთა რუსთაველის სახელმწიფო უნივერსიტეტის ბიბლიოთეკა

Пальмы их культура в СССР (ბიბ.ჩანაწერი № 45561)

000 -LEADER
fixed length control field 00560nam a2200205Ia 4500
001 - CONTROL NUMBER
control field 12387
003 - CONTROL NUMBER IDENTIFIER
control field GE_BSU
008 - FIXED-LENGTH DATA ELEMENTS--GENERAL INFORMATION
fixed length control field 181216s||||||||xx |||||||||||||| ||und||
040 ## - CATALOGING SOURCE
Transcribing agency GE_BSU
080 ## - UNIVERSAL DECIMAL CLASSIFICATION NUMBER
Universal Decimal Classification number 581.6
100 ## - MAIN ENTRY--PERSONAL NAME
Personal name Сааков,С.Г.
245 ## - TITLE STATEMENT
Title Пальмы их культура в СССР
245 ## - TITLE STATEMENT
Statement of responsibility, etc. Ред.А.С.Лозина-Лозинская
260 ## - PUBLICATION, DISTRIBUTION, ETC.
Place of publication, distribution, etc. Москва
260 ## - PUBLICATION, DISTRIBUTION, ETC.
Name of publisher, distributor, etc. Акад.Наук СССР
260 ## - PUBLICATION, DISTRIBUTION, ETC.
Date of publication, distribution, etc. 1954
300 ## - PHYSICAL DESCRIPTION
Extent 319стр.27см.
653 ## - INDEX TERM--UNCONTROLLED
Uncontrolled term Пальмы и х культура в СССР
942 ## - ADDED ENTRY ELEMENTS (KOHA)
Koha item type წიგნი
ეგზემპლარები
Withdrawn status Lost status Damaged status Not for loan Date acquired Barcode Date last seen Price effective from Koha item type
        2018-12-17 20469 2018-12-17 2018-12-17 წიგნი